000 01132nam a22003497a 4500
001 BR9100312
003 BR-BrBNA
005 20230928093500.0
007 ta
008 230509b bl.||||| |||| 00| 0 por d
040 _aBR-BrBNA
_bpor
_cBiblioteca Nacional de Agricultura
041 _a(Por)
072 _aP10; T01
_b/G514
_b/GZ65
090 _ P10 BR9100312
100 1 _aManfrinato, E.S.
110 1 _aEscola Superior de Agricultura Luiz de Queiroz, Piracicaba, SP (Brasil)
_0Dissertacao (Mestre)
245 1 _aAvaliacao do metodo edafo-fitodepuracao para tratamento preliminar de aguas
246 1 _aEvaluation of the method edaphic-phytodepuration for preliminary treatment of waters
260 3 _aPiracicaba, SP (Brasil):
_c1989.
300 _a98 p.
500 _a48 tables; 9 graphs; 31 ref.; Summaries (Eng, Por)
650 _aAGUAS SUPERFICIAIS
650 _aABASTECIMENTO DE AGUA
650 _aTRATAMENTO DA AGUA
650 _aDEPURACAO
650 _aBARONEZA
650 _aRIO PIRACICABA
650 _aSAO PAULO
650 _aMINAS GERAIS
909 _a202309
_bLucia
_c55
_dLucia Elande
942 _cBK
999 _c45259
_d45259